Statistics for All First-Level Subdivisions of Oceania on a Map

Click here to take the quiz!

General Stats

  • This quiz has been taken 1,123 times
    (561 since last reset)
  • The average score is 47 of 200

Answers on the Map

Answers color-coded by a green-red scale on the quiz's map according to % correct below.
Loading ...
 

Answer Stats

CountryTypeAnswer% Correct
New ZealandRegionWest Coast
96%
Papua New Guinea | Solomon IslandsProvinceWestern
96%
New ZealandRegionNorthland
95%
New ZealandRegionSouthland
95%
New ZealandRegionTasman
95%
Papua New GuineaProvinceOro
95%
AustraliaStateTasmania
94%
AustraliaStateNew South Wales
91%
AustraliaStateQueensland
90%
AustraliaInternal TerritoryAustralian Capital Territory
89%
AustraliaStateWestern Australia
87%
AustraliaStateVictoria
86%
AustraliaInternal TerritoryNorthern Territory
83%
AustraliaStateSouth Australia
83%
New ZealandRegionAuckland
78%
New ZealandRegionWellington
78%
Papua New GuineaNational Capital DistrictNational Capital District
77%
FranceOverseas collectivityFrench Polynesia
68%
IndonesiaProvincePapua
66%
FranceOverseas collectivityNew Caledonia
65%
Solomon IslandsTerritoryCapital Territory
63%
United StatesInsular AreaAmerican Samoa
61%
United StatesInsular AreaGuam
59%
United StatesStateHawaii
57%
NauruDistrictYaren
54%
New ZealandFree AssociationCook Islands
53%
Papua New Guinea | Solomon IslandsProvinceCentral
48%
New ZealandFree AssociationNiue
48%
United StatesInsular AreaNorthern Mariana Islands
47%
KiribatiCouncilSouth Tarawa
45%
IndonesiaProvinceWest Papua
42%
TuvaluIslandFunafuti
42%
FijiProvinceBa
41%
Papua New GuineaAutonomous RegionAutonomous Region of Bougainville
40%
AustraliaExternal TerritoryNorfolk Island
40%
United KingdomOverseas TerritoryPitcairn Islands
39%
KiribatiCouncilKiritimati
39%
Marshall IslandsMunicipalityMajuro Atoll
38%
FranceOverseas collectivityWallis and Futuna
36%
Papua New GuineaProvinceNew Ireland
35%
AustraliaInternal TerritoryJervis Bay Territory
33%
New ZealandRegionNelson
30%
New ZealandRegionCanterbury
29%
New ZealandDependent TerritoryTokelau
28%
PalauStateKoror
28%
New ZealandRegionGisborne
26%
New ZealandRegionBay of Plenty
26%
New ZealandRegionOtago
26%
Federated States of MicronesiaStateYap
26%
New ZealandRegionHawke's Bay
25%
New ZealandTerritoryChatham Islands
25%
Papua New GuineaProvinceEast New Britain
24%
FijiProvinceRa
24%
Federated States of MicronesiaStateChuuk
24%
Papua New GuineaProvinceWest New Britain
24%
New ZealandRegionMarlborough
23%
New ZealandRegionWaikato
23%
Marshall IslandsMunicipalityLae Atoll
22%
Solomon IslandsProvinceGuadalcanal
22%
Federated States of MicronesiaStatePohnpei
21%
New ZealandRegionTaranaki
20%
New ZealandRegionManawatu-Wanganui
20%
KiribatiCouncilMaiana
19%
PalauStateMelekeok
19%
KiribatiCouncilNorth Tarawa
19%
Federated States of MicronesiaStateKosrae
18%
Papua New GuineaProvinceWestern Highlands
17%
Papua New GuineaProvinceEastern Highlands
17%
Papua New GuineaProvinceManus
17%
Papua New GuineaProvinceEast Sepik
16%
Papua New GuineaProvinceSouthern Highlands
15%
Papua New GuineaProvinceSandaun
15%
Papua New GuineaProvinceGulf
15%
TongaAdministrative divisionTongatapu
14%
FijiProvinceLau
14%
Papua New GuineaProvinceMadang
14%
FijiProvinceBua
14%
Papua New GuineaProvinceMilne Bay
14%
KiribatiCouncilBanaba
13%
Papua New GuineaProvinceEnga
13%
Papua New GuineaProvinceMorobe
13%
NauruDistrictAnibare
12%
Papua New GuineaProvinceHela
12%
FijiProvinceNamosi
12%
SamoaDistrictA'ana
12%
Papua New GuineaProvinceSimbu
12%
TuvaluIslandNui
12%
NauruDistrictAiwo
12%
TongaAdministrative divisionHa'apai
11%
Solomon IslandsProvinceMalaita
11%
Solomon IslandsProvinceIsabel
11%
Solomon IslandsProvinceChoiseul
11%
FijiProvinceCakaudrove
11%
FijiProvinceSerua
11%
PalauStateAngaur
11%
PalauStateHatohobei
11%
FijiProvinceRewa
11%
FijiProvinceLomaiviti
11%
PalauStatePeleliu
11%
Papua New GuineaProvinceJiwaka
11%
FijiProvinceKadavu
11%
FijiDependencyRotuma
11%
NauruDistrictMeneng
11%
NauruDistrictBoe
11%
NauruDistrictBuada
11%
NauruDistrictDenigomodu
11%
NauruDistrictAnetan
11%
NauruDistrictIjuw
11%
NauruDistrictAnabar
11%
NauruDistrictNibok
11%
Marshall IslandsMunicipalityArno Atoll
10%
NauruDistrictBaitsi
10%
PalauStateSonsorol
10%
Solomon IslandsProvinceMakira-Ulawa
10%
PalauStateNgarchelong
10%
PalauStateNgchesar
10%
VanuatuProvinceSanma
10%
Marshall IslandsMunicipalityMaloelap Atoll
10%
FijiProvinceNaitasiri
10%
FijiProvinceNadroga-Navosa
10%
Marshall IslandsMunicipalityLikiep Atoll
10%
Marshall IslandsMunicipalityLib Island
10%
Marshall IslandsMunicipalityKwajalein Atoll
10%
FijiProvinceMacuata
10%
Marshall IslandsMunicipalityAur Atoll
10%
PalauStateNgiwal
10%
PalauStateNgeremlengui
10%
PalauStateNgatpang
10%
PalauStateNgardmau
10%
PalauStateNgaraard
10%
PalauStateKayangel
10%
NauruDistrictEwa
10%
PalauStateAirai
10%
PalauStateAimeliik
10%
TongaAdministrative divisionEua
10%
NauruDistrictUaboe
10%
TongaAdministrative divisionVava'u
10%
KiribatiCouncilTeraina
10%
FijiProvinceTailevu
10%
VanuatuProvinceTafea
9%
TuvaluIslandNukufetau
9%
TongaAdministrative divisionOngo Niua
9%
KiribatiCouncilTabuaeran
9%
TuvaluIslandNukulaelae
9%
Solomon IslandsProvinceTemotu
9%
TuvaluIslandNiulakita
9%
SamoaDistrictSatupa'itea
9%
Solomon IslandsProvinceRennell and Bellona
9%
TuvaluIslandNiutao
9%
SamoaDistrictAtua
9%
TuvaluIslandNanumea
9%
Marshall IslandsMunicipalityAiluk Atoll
9%
Marshall IslandsMunicipalityAilinglaplap Atoll
9%
KiribatiCouncilNorth Tabiteuea
9%
TuvaluIslandVaitupu
9%
KiribatiCouncilBetio
9%
Marshall IslandsMunicipalityEbon Atoll
9%
Marshall IslandsMunicipalityEnewetok
9%
KiribatiCouncilKuria
9%
KiribatiCouncilMarakei
9%
KiribatiCouncilAranuka
9%
KiribatiCouncilAbemama
9%
KiribatiCouncilAbaiang
9%
TuvaluIslandNanumanga
9%
Marshall IslandsMunicipalityWotje Atoll
9%
Marshall IslandsMunicipalityWotho Atoll
9%
Marshall IslandsMunicipalityUtirik Atoll
9%
Marshall IslandsMunicipalityUjae Atoll
9%
Marshall IslandsMunicipalityRongelap Atoll
9%
KiribatiCouncilKanton
9%
Marshall IslandsMunicipalityMili Atoll
9%
Marshall IslandsMunicipalityMejit Island
9%
KiribatiCouncilNonouti
9%
Marshall IslandsMunicipalityKili
9%
Marshall IslandsMunicipalityJaluit Atoll
9%
Marshall IslandsMunicipalityJabat Island
9%
VanuatuProvincePenama
8%
VanuatuProvinceMalampa
8%
VanuatuProvinceShefa
8%
KiribatiCouncilSouth Tabiteuea
8%
SamoaDistrictVaisigano
8%
KiribatiCouncilBeru
8%
KiribatiCouncilTamana
8%
Marshall IslandsMunicipalityNamorik Atoll
8%
Marshall IslandsMunicipalityNamu Atoll
8%
KiribatiCouncilNikunau
8%
KiribatiCouncilMakin
8%
KiribatiCouncilButaritari
8%
KiribatiCouncilArorae
8%
SamoaDistrictVa'a-o-Fonoti
8%
KiribatiCouncilOnotoa
8%
SamoaDistrictAiga-i-le-Tai
8%
SamoaDistrictFa'asaleleaga
8%
SamoaDistrictGaga'emauga
8%
SamoaDistrictGaga'ifomauga
8%
SamoaDistrictPalauli
8%
SamoaDistrictTuamasaga
8%
VanuatuProvinceTorba
8%

Score Distribution

Percentile by Number Answered

Percent of People with Each Score

Your Score History

You have not taken this quiz since the last reset